[Event "DVM U12 2021-22"]
[Site "Naumburg"]
[Date "2022.03.26"]
[Round "3"]
[White "Uhl, Henry"]
[Black "Goldschmidt, Jakob"]
[Result "0-1"]
[WhiteElo "1301"]
[BlackElo "1081"]
[Annotator "NA"]
[PlyCount "78"]
[EventDate "2022.03.25"]
[EventType "team-tourn"]
[EventRounds "7"]
[EventCountry "GER"]
[SourceTitle "playchess.com"]
[Source "ChessBase"]
[SourceQuality "1"]
[TimeControl "40/5400+30:1800+30"]

1. e4 {[%emt 0:00:03]} e5 {[%emt 0:00:08]} 2. Nf3 {[%emt 0:00:06]} Nc6 {[%emt 0:00:07]} 3. d4 {[%emt 0:00:03]} exd4 {[%emt 0:00:39]} 4. Nxd4 {[%emt 0:00:07]} Nf6 {[%emt 0:00:45]} 5. Nc3 {[%emt 0:00:10]} Bb4 {[%emt 0:00:40]} 6. Nxc6 {[%emt 0:00:15]} bxc6 {[%emt 0:00:15]} 7. Bd3 {[%emt 0:00:19]} d5 {[%emt 0:01:34]} 8. Bd2 {[%emt 0:00:56]} Bxc3 {[%emt 0:00:37]} 9. Bxc3 {[%emt 0:00:14]} dxe4 {[%emt 0:00:25]} 10. Bxf6 {[%emt 0:00:12]} Qxf6 {[%emt 0:00:48]} 11. Bxe4 {[%emt 0:00:19]} Ba6 {[%emt 0:01:17]} 12. Qf3 {[%emt 0:01:34]} Qxf3 {[%emt 0:00:50]} 13. Bxf3 {[%emt 0:00:08]} O-O-O {[%emt 0:00:46]} 14. Bxc6 {[%emt 0:00:21]} Rd6 {[%emt 0:01:16]} 15. Ba4 {[%emt 0:00:26]} Rhd8 {[%emt 0:01:29]} 16. f3 {[%emt 0:00:50]} Re6+ {[%emt 0:03:26]} 17. Kf2 {[%emt 0:00:23]} Rd2+ {[%emt 0:01:47]} 18. Kg3 {[%emt 0:01:22]} Rg6+ {[%emt 0:01:10]} 19. Kf4 {[%emt 0:00:18]} Rd4+ {[%emt 0:01:14]} 20. Ke3 {[%emt 0:01:04]} Rxa4 {[%emt 0:00:31]} 21. b3 {[%emt 0:00:41]} Re6+ {[%emt 0:02:14]} 22. Kd2 {[%emt 0:00:51]} Rd4+ {[%emt 0:02:16]} 23. Kc3 {[%emt 0:02:43]} Red6 {[%emt 0:04:25]} 24. Rhe1 {[%emt 0:01:48]} Rd7 {[%emt 0:01:52]} 25. Re5 {[%emt 0:00:39]} R4d5 {[%emt 0:01:19]} 26. Re8+ {[%emt 0:01:02]} Kb7 {[%emt 0:00:45]} 27. Rh8 {[%emt 0:01:21]} h5 {[%emt 0:01:52]} 28. Re1 {[%emt 0:02:04]} Rc5+ {[%emt 0:01:47]} 29. Kb2 {[%emt 0:01:05]} Rd2 {[%emt 0:00:41]} 30. Rc1 {[%emt 0:00:42]} Bd3 {[%emt 0:01:30]} 31. Rd8 {[%emt 0:00:38]} Rcxc2+ {[%emt 0:02:57]} 32. Rxc2 {[%emt 0:00:35]} Rxc2+ {[%emt 0:00:09]} 33. Ka1 {[%emt 0:00:11]} Bg6 {[%emt 0:00:49]} 34. Rg8 {[%emt 0:00:34]} Rxg2 {[%emt 0:00:25]} 35. Rxg7 {[%emt 0:00:14]} Kb6 {[%emt 0:01:39]} 36. Rg8 {[%emt 0:00:37]} Kc5 {[%emt 0:01:06]} 37. a4 {[%emt 0:01:22]} Kb4 {[%emt 0:00:25]} 38. Rb8+ {[%emt 0:00:09]} Ka3 {[%emt 0:00:22]} 39. b4 {[%emt 0:00:44]} Rg1# {[%emt 0:00:17]} 0-1

[Event "DVM U12 2021-22"]
[Site "Naumburg"]
[Date "2022.03.26"]
[Round "3"]
[White "Gulamzada, Elmir"]
[Black "Meisel, Aaron"]
[Result "1-0"]
[WhiteElo "1291"]
[BlackElo "915"]
[Annotator "NA"]
[PlyCount "61"]
[EventDate "2022.03.25"]
[EventType "team-tourn"]
[EventRounds "7"]
[EventCountry "GER"]
[SourceTitle "playchess.com"]
[Source "ChessBase"]
[SourceQuality "1"]
[TimeControl "40/5400+30:1800+30"]

1. e4 {[%emt 0:00:06]} d5 {[%emt 0:00:12]} 2. exd5 {[%emt 0:00:25]} Nf6 {[%emt 0:00:08]} 3. Nf3 {[%emt 0:01:26]} Nxd5 {[%emt 0:00:49]} 4. Bc4 {[%emt 0:00:49]} Nc6 {[%emt 0:01:17]} 5. d3 {[%emt 0:02:48]} e5 {[%emt 0:01:41]} 6. Be3 {[%emt 0:00:31]} Bg4 {[%emt 0:01:14]} 7. h3 {[%emt 0:01:22]} Bxf3 {[%emt 0:01:01]} 8. Qxf3 {[%emt 0:00:17]} Ncb4 {[%emt 0:02:06]} 9. Bb3 {[%emt 0:01:15]} Nf6 {[%emt 0:03:04]} 10. Qxb7 {[%emt 0:03:24]} Bd6 {[%emt 0:01:16]} 11. a3 {[%emt 0:05:06]} Rb8 {[%emt 0:01:30]} 12. Qxa7 {[%emt 0:01:42]} Nc6 {[%emt 0:01:37]} 13. Ba4 {[%emt 0:01:47]} O-O {[%emt 0:02:45]} 14. Bxc6 {[%emt 0:00:34]} Rxb2 {[%emt 0:01:21]} 15. Qa4 {[%emt 0:00:34]} e4 16. Bxe4 Nxe4 17. Qxe4 f5 {[%emt 0:06:45]} 18. Qc4+ {[%emt 0:01:59]} Kh8 {[%emt 0:00:54]} 19. O-O {[%emt 0:01:10]} Qe7 {[%emt 0:00:48]} 20. Nd2 {[%emt 0:01:54]} Rf6 {[%emt 0:03:40]} 21. Bd4 {[%emt 0:00:24]} Be5 {[%emt 0:01:29]} 22. Bxb2 {[%emt 0:00:28]} Bxb2 {[%emt 0:00:37]} 23. Rab1 {[%emt 0:01:08]} Rb6 {[%emt 0:00:51]} 24. c3 {[%emt 0:01:04]} h6 {[%emt 0:02:50]} 25. Rfe1 {[%emt 0:01:36]} Qf6 {[%emt 0:02:05]} 26. Qd4 {[%emt 0:01:51]} Qg5 {[%emt 0:01:20]} 27. Nf3 {[%emt 0:00:34]} Qg6 {[%emt 0:01:45]} 28. Qd8+ {[%emt 0:00:47]} Kh7 {[%emt 0:04:08]} 29. Re8 {[%emt 0:01:04]} Qc6 {[%emt 0:01:06]} 30. Rh8+ {[%emt 0:00:06]} Kg6 {[%emt 0:00:35]} 31. Ne5+ {[%emt 0:00:04]} 1-0

[Event "DVM U12 2021-22"]
[Site "Naumburg"]
[Date "2022.03.26"]
[Round "3"]
[White "Becker, Joe Matthis"]
[Black "Zimmer, Tim"]
[Result "0-1"]
[WhiteElo "1258"]
[BlackElo "1170"]
[Annotator "NA"]
[PlyCount "110"]
[EventDate "2022.03.25"]
[EventType "team-tourn"]
[EventRounds "7"]
[EventCountry "GER"]
[SourceTitle "playchess.com"]
[Source "ChessBase"]
[SourceQuality "1"]
[TimeControl "40/5400+30:1800+30"]

1. e4 {[%emt 0:00:03]} e5 {[%emt 0:00:06]} 2. Nf3 {[%emt 0:00:04]} Nc6 {[%emt 0:00:06]} 3. Bc4 {[%emt 0:00:04]} Bc5 {[%emt 0:00:05]} 4. O-O {[%emt 0:00:07]} Nf6 {[%emt 0:00:24]} 5. b4 {[%emt 0:00:05]} Bxb4 {[%emt 0:01:10]} 6. c3 {[%emt 0:00:04]} Be7 {[%emt 0:00:57]} 7. d4 {[%emt 0:00:08]} Na5 {[%emt 0:01:06]} 8. Nxe5 {[%emt 0:01:37]} Nxc4 {[%emt 0:01:16]} 9. Nxc4 {[%emt 0:00:10]} d5 {[%emt 0:03:48]} 10. exd5 {[%emt 0:00:37]} Qxd5 {[%emt 0:00:17]} 11. Ne3 {[%emt 0:00:56]} Qd8 {[%emt 0:00:12]} 12. c4 {[%emt 0:01:43]} O-O {[%emt 0:01:24]} 13. Nc3 {[%emt 0:00:55]} Re8 {[%emt 0:05:39]} 14. Qf3 {[%emt 0:02:12]} Qxd4 {[%emt 0:04:36]} 15. Bb2 {[%emt 0:04:25]} Qb6 {[%emt 0:08:08]} 16. Rab1 {[%emt 0:03:28]} Qc5 {[%emt 0:09:01]} 17. Rfd1 {[%emt 0:01:05]} c6 {[%emt 0:02:41]} 18. Ne4 {[%emt 0:08:41]} Nxe4 {[%emt 0:02:23]} 19. Qxe4 {[%emt 0:00:11]} Qh5 {[%emt 0:04:06]} 20. Qxe7 {[%emt 0:04:19]} Bg4 {[%emt 0:02:25]} 21. Qd6 {[%emt 0:04:04]} Bxd1 {[%emt 0:00:52]} 22. Rxd1 {[%emt 0:00:17]} h6 {[%emt 0:01:52]} 23. Qd4 {[%emt 0:02:36]} Qg6 {[%emt 0:02:41]} 24. Qc3 {[%emt 0:03:59]} Rad8 {[%emt 0:01:12]} 25. Rf1 {[%emt 0:01:52]} Rd3 {[%emt 0:03:00]} 26. Qc2 {[%emt 0:03:23]} Red8 {[%emt 0:01:55]} 27. h3 {[%emt 0:04:41]} Qg5 {[%emt 0:02:05]} 28. Re1 {[%emt 0:03:40]} Rd2 {[%emt 0:01:11]} 29. Qc3 {[%emt 0:02:11]} f6 {[%emt 0:04:19]} 30. c5 {[%emt 0:03:32]} Kh8 {[%emt 0:02:44]} 31. Qb3 {[%emt 0:03:05]} Qf4 {[%emt 0:02:58]} 32. Rf1 {[%emt 0:01:09]} Re2 {[%emt 0:05:07]} 33. Bc1 {[%emt 0:00:31]} Qe4 {[%emt 0:05:58]} 34. a3 {[%emt 0:11:30]} Rd7 {[%emt 0:01:36]} 35. Rd1 {[%emt 0:03:19]} Rxd1+ {[%emt 0:02:00]} 36. Qxd1 {[%emt 0:00:07]} Ra2 {[%emt 0:00:32]} 37. Kf1 {[%emt 0:04:38]} Qf4 {[%emt 0:03:56]} 38. Qe1 {[%emt 0:05:28]} Qd4 {[%emt 0:02:24]} 39. Ng4 {[%emt 0:01:59]} Qd3+ {[%emt 0:00:49]} 40. Kg1 {[%emt 0:00:59]} Re2 {[%emt 0:00:31]} 41. Qf1 {[%emt 0:30:56]} Qc2 {[%emt 0:35:04]} 42. Ne3 {[%emt 0:01:21]} Qa2 {[%emt 0:00:15]} 43. g3 {[%emt 0:01:45]} g5 {[%emt 0:03:43]} 44. Kg2 {[%emt 0:00:07]} f5 {[%emt 0:01:06]} 45. Kf3 {[%emt 0:01:32]} g4+ {[%emt 0:00:10]} 46. hxg4 {[%emt 0:00:11]} fxg4+ {[%emt 0:00:54]} 47. Kxg4 {[%emt 0:03:58]} Rxf2 {[%emt 0:01:03]} 48. Qc4 {[%emt 0:05:53]} Qxc4+ {[%emt 0:00:30]} 49. Nxc4 {[%emt 0:00:30]} Rc2 {[%emt 0:00:30]} 50. Nd6 {[%emt 0:00:30]} Rxc1 {[%emt 0:00:30]} 51. Nxb7 {[%emt 0:00:30]} Rc4+ {[%emt 0:00:30]} 52. Kh5 {[%emt 0:00:30]} Kg7 {[%emt 0:00:30]} 53. g4 {[%emt 0:00:30]} a6 {[%emt 0:00:30]} 54. Nd8 {[%emt 0:00:06]} Rxc5+ {[%emt 0:00:00]} 55. Kh4 {[%emt 0:00:13]} Kf6 {[%emt 0:00:00]} 0-1

[Event "DVM U12 2021-22"]
[Site "Naumburg"]
[Date "2022.03.26"]
[Round "3"]
[White "Moldovan, Stela"]
[Black "Smith, Tobias"]
[Result "0-1"]
[WhiteElo "1209"]
[BlackElo "1571"]
[Annotator "NA"]
[PlyCount "42"]
[EventDate "2022.03.25"]
[EventType "team-tourn"]
[EventRounds "7"]
[EventCountry "GER"]
[SourceTitle "playchess.com"]
[Source "ChessBase"]
[SourceQuality "1"]
[TimeControl "40/5400+30:1800+30"]

1. d4 {[%emt 0:00:06]} d5 {[%emt 0:00:09]} 2. Nf3 {[%emt 0:00:07]} Nf6 {[%emt 0:00:27]} 3. e3 {[%emt 0:00:06]} Bf5 {[%emt 0:04:28]} 4. Bd3 {[%emt 0:00:34]} Bg6 {[%emt 0:07:00]} 5. b3 {[%emt 0:01:19]} c5 {[%emt 0:02:17]} 6. Bb2 {[%emt 0:00:26]} e6 {[%emt 0:00:42]} 7. Ne5 {[%emt 0:00:47]} Nc6 {[%emt 0:05:00]} 8. O-O {[%emt 0:01:36]} Bd6 9. f4 Qb6 {[%emt 0:05:08]} 10. Nc3 {[%emt 0:01:24]} Nb4 {[%emt 0:10:35]} 11. Na4 {[%emt 0:01:39]} Qc7 {[%emt 0:00:44]} 12. Bb5+ {[%emt 0:00:18]} Ke7 {[%emt 0:01:19]} 13. c3 {[%emt 0:00:40]} Nc6 {[%emt 0:02:01]} 14. Nxg6+ {[%emt 0:01:26]} hxg6 {[%emt 0:00:31]} 15. dxc5 {[%emt 0:00:18]} Bxc5 {[%emt 0:00:57]} 16. Nxc5 {[%emt 0:00:08]} Qb6 {[%emt 0:00:04]} 17. Bxc6 {[%emt 0:00:14]} Qxc5 {[%emt 0:00:11]} 18. Bxb7 {[%emt 0:01:10]} Qxe3+ {[%emt 0:00:11]} 19. Kh1 {[%emt 0:00:57]} Rxh2+ {[%emt 0:01:58]} 20. Kxh2 {[%emt 0:03:01]} Rh8+ {[%emt 0:00:08]} 21. Qh5 {[%emt 0:01:34]} Rxh5# 0-1

[Event "DVM U12 2021-22"]
[Site "Naumburg"]
[Date "2022.03.26"]
[Round "3"]
[White "Streich, Alexander"]
[Black "Schriefer, Leo Hans"]
[Result "1-0"]
[WhiteElo "1129"]
[BlackElo "1037"]
[Annotator "NA"]
[PlyCount "81"]
[EventDate "2022.03.25"]
[EventType "team-tourn"]
[EventRounds "7"]
[EventCountry "GER"]
[SourceTitle "playchess.com"]
[Source "ChessBase"]
[SourceQuality "1"]
[TimeControl "40/5400+30:1800+30"]

1. e4 c5 {[%emt 0:00:05]} 2. c4 {[%emt 0:00:08]} g6 {[%emt 0:00:06]} 3. Nc3 {[%emt 0:00:30]} Nc6 {[%emt 0:00:14]} 4. g3 {[%emt 0:00:19]} Bg7 {[%emt 0:02:32]} 5. Bg2 Nf6 6. d3 {[%emt 0:02:13]} O-O {[%emt 0:00:42]} 7. Bf4 d6 8. h4 {[%emt 0:02:26]} h5 {[%emt 0:02:59]} 9. Bh3 {[%emt 0:00:32]} Bxh3 {[%emt 0:00:28]} 10. Rxh3 {[%emt 0:01:01]} Qd7 {[%emt 0:03:01]} 11. f3 {[%emt 0:01:58]} Nd4 {[%emt 0:02:03]} 12. Rh2 {[%emt 0:00:35]} a6 {[%emt 0:00:56]} 13. Qd2 {[%emt 0:00:55]} Rab8 {[%emt 0:02:02]} 14. Bh6 {[%emt 0:00:09]} b5 {[%emt 0:00:36]} 15. b3 {[%emt 0:00:21]} Bxh6 {[%emt 0:03:05]} 16. Qxh6 {[%emt 0:00:09]} Nc2+ {[%emt 0:00:15]} 17. Rxc2 {[%emt 0:00:09]} bxc4 {[%emt 0:03:03]} 18. dxc4 {[%emt 0:00:23]} Qc7 {[%emt 0:02:03]} 19. Nh3 {[%emt 0:02:35]} d5 {[%emt 0:04:29]} 20. Rg2 {[%emt 0:02:31]} Qa5 {[%emt 0:01:24]} 21. Rc1 {[%emt 0:03:44]} d4 {[%emt 0:04:31]} 22. Ng5 {[%emt 0:00:52]} e5 {[%emt 0:01:00]} 23. f4 {[%emt 0:00:20]} dxc3 24. fxe5 {[%emt 0:00:25]} c2+ {[%emt 0:01:05]} 25. Rd2 {[%emt 0:00:39]} Qc3 {[%emt 0:00:48]} 26. exf6 {[%emt 0:00:54]} Qxg3+ {[%emt 0:00:54]} 27. Ke2 {[%emt 0:02:30]} Qg4+ {[%emt 0:02:11]} 28. Kd3 {[%emt 0:00:15]} Rfd8+ {[%emt 0:01:14]} 29. Kxc2 {[%emt 0:00:55]} Rxd2+ {[%emt 0:00:14]} 30. Kxd2 {[%emt 0:00:15]} Rd8+ {[%emt 0:01:08]} 31. Kc2 {[%emt 0:00:35]} Qe2+ {[%emt 0:00:22]} 32. Kb1 {[%emt 0:00:33]} Qd3+ {[%emt 0:02:17]} 33. Kb2 {[%emt 0:00:28]} Qd4+ {[%emt 0:02:42]} 34. Ka3 {[%emt 0:00:30]} Qxf6 {[%emt 0:00:21]} 35. Re1 {[%emt 0:01:16]} Rd2 {[%emt 0:01:30]} 36. e5 {[%emt 0:00:37]} Qg7 {[%emt 0:00:16]} 37. Qxg7+ {[%emt 0:00:20]} Kxg7 {[%emt 0:00:08]} 38. e6 {[%emt 0:00:14]} Kf8 {[%emt 0:01:22]} 39. e7+ {[%emt 0:00:08]} Ke8 {[%emt 0:00:12]} 40. Ne4 {[%emt 0:00:23]} Rd4 {[%emt 0:00:30]} 41. Nf6# 1-0

[Event "DVM U12 2021-22"]
[Site "Naumburg"]
[Date "2022.03.26"]
[Round "3"]
[White "Etzold, Emil"]
[Black "Detjen, Mattes"]
[Result "1-0"]
[WhiteElo "953"]
[BlackElo "1124"]
[Annotator "NA"]
[PlyCount "47"]
[EventDate "2022.03.25"]
[EventType "team-tourn"]
[EventRounds "7"]
[EventCountry "GER"]
[SourceTitle "playchess.com"]
[Source "ChessBase"]
[SourceQuality "1"]
[TimeControl "40/5400+30:1800+30"]

1. e4 {[%emt 0:00:01]} e5 {[%emt 0:00:07]} 2. Nf3 {[%emt 0:00:04]} Nc6 {[%emt 0:00:04]} 3. Bc4 {[%emt 0:00:12]} Bc5 {[%emt 0:00:08]} 4. O-O {[%emt 0:00:22]} Nf6 {[%emt 0:00:21]} 5. b4 {[%emt 0:00:22]} Bxb4 {[%emt 0:00:26]} 6. c3 {[%emt 0:00:05]} Be7 {[%emt 0:00:23]} 7. d4 {[%emt 0:01:06]} d6 {[%emt 0:00:25]} 8. dxe5 {[%emt 0:02:19]} dxe5 {[%emt 0:00:27]} 9. Bb5 {[%emt 0:00:48]} Qxd1 10. Rxd1 {[%emt 0:00:15]} Nxe4 {[%emt 0:01:28]} 11. Nxe5 {[%emt 0:00:21]} O-O {[%emt 0:01:03]} 12. Nxc6 {[%emt 0:00:33]} bxc6 {[%emt 0:00:29]} 13. Bxc6 {[%emt 0:00:06]} Nxc3 {[%emt 0:02:25]} 14. Nxc3 {[%emt 0:00:18]} Rb8 {[%emt 0:00:14]} 15. a4 {[%emt 0:02:41]} Bf6 {[%emt 0:02:41]} 16. Ra3 {[%emt 0:03:48]} Rb6 {[%emt 0:02:13]} 17. Be4 {[%emt 0:00:51]} Re8 {[%emt 0:02:06]} 18. Nd5 {[%emt 0:04:05]} Rd6 {[%emt 0:04:17]} 19. Re3 {[%emt 0:04:27]} Bg5 {[%emt 0:01:36]} 20. Bxh7+ {[%emt 0:01:05]} Kf8 {[%emt 0:06:02]} 21. Rxe8+ {[%emt 0:00:41]} Kxe8 {[%emt 0:00:06]} 22. Bxg5 {[%emt 0:00:19]} g6 {[%emt 0:00:21]} 23. Re1+ {[%emt 0:01:39]} Kf8 {[%emt 0:00:22]} 24. Bh6# {[%emt 0:00:11]} 1-0

[Event "DVM U12 2021-22"]
[Site "Naumburg"]
[Date "2022.03.26"]
[Round "3"]
[White "Könnecke, Maximilian"]
[Black "Cwiklik, Julian"]
[Result "0-1"]
[WhiteElo "929"]
[BlackElo "1255"]
[Annotator "NA"]
[PlyCount "80"]
[EventDate "2022.03.25"]
[EventType "team-tourn"]
[EventRounds "7"]
[EventCountry "GER"]
[SourceTitle "playchess.com"]
[Source "ChessBase"]
[SourceQuality "1"]
[TimeControl "40/5400+30:1800+30"]

1. d4 {[%emt 0:00:01]} e6 {[%emt 0:00:05]} 2. Nf3 {[%emt 0:00:20]} d5 {[%emt 0:00:10]} 3. Bf4 {[%emt 0:00:36]} c5 {[%emt 0:00:28]} 4. e3 {[%emt 0:01:37]} Nc6 {[%emt 0:00:29]} 5. Bb5 {[%emt 0:00:55]} cxd4 {[%emt 0:00:20]} 6. Nxd4 {[%emt 0:00:59]} Bd7 {[%emt 0:00:06]} 7. Nc3 {[%emt 0:03:18]} Nxd4 {[%emt 0:00:18]} 8. Bxd7+ {[%emt 0:00:10]} Qxd7 {[%emt 0:00:08]} 9. Qxd4 {[%emt 0:00:09]} Nf6 {[%emt 0:00:29]} 10. Be5 {[%emt 0:01:11]} Be7 {[%emt 0:00:13]} 11. Bxf6 {[%emt 0:05:46]} Bxf6 {[%emt 0:00:38]} 12. Qb4 {[%emt 0:00:28]} Qc6 {[%emt 0:00:41]} 13. O-O {[%emt 0:00:40]} Rc8 {[%emt 0:00:04]} 14. Na4 {[%emt 0:07:25]} a6 {[%emt 0:01:13]} 15. Qa5 {[%emt 0:04:10]} O-O {[%emt 0:01:09]} 16. c3 {[%emt 0:05:02]} b5 {[%emt 0:00:53]} 17. Nb6 {[%emt 0:00:17]} Rb8 {[%emt 0:00:23]} 18. Nd7 {[%emt 0:03:36]} Qxd7 {[%emt 0:00:26]} 19. Qxa6 {[%emt 0:00:10]} b4 {[%emt 0:00:10]} 20. Rab1 {[%emt 0:02:33]} bxc3 {[%emt 0:00:37]} 21. bxc3 {[%emt 0:00:44]} Ra8 {[%emt 0:00:05]} 22. Qe2 {[%emt 0:00:33]} Bxc3 {[%emt 0:00:13]} 23. Qc2 {[%emt 0:00:41]} Bf6 {[%emt 0:00:13]} 24. f4 {[%emt 0:04:19]} Qa4 {[%emt 0:00:37]} 25. Qd3 {[%emt 0:00:36]} d4 {[%emt 0:00:41]} 26. Rf3 {[%emt 0:00:27]} dxe3 {[%emt 0:00:57]} 27. Rh3 {[%emt 0:00:19]} g6 {[%emt 0:02:30]} 28. Qxe3 {[%emt 0:00:26]} Bd4 {[%emt 0:00:53]} 29. Qxd4 {[%emt 0:00:08]} Qxd4+ {[%emt 0:00:00]} 30. Kf1 {[%emt 0:04:53]} Qxf4+ {[%emt 0:00:00]} 31. Rf3 {[%emt 0:01:52]} Qxh2 {[%emt 0:00:26]} 32. Kf2 {[%emt 0:00:18]} Rxa2+ {[%emt 0:00:12]} 33. Ke3 {[%emt 0:00:24]} Qxg2 {[%emt 0:00:52]} 34. Kf4 {[%emt 0:00:42]} g5+ {[%emt 0:00:27]} 35. Ke4 {[%emt 0:00:25]} Qe2+ {[%emt 0:00:24]} 36. Re3 {[%emt 0:00:17]} Ra4+ {[%emt 0:00:05]} 37. Rb4 {[%emt 0:00:25]} Rxb4+ {[%emt 0:00:24]} 38. Ke5 Qxe3+ 39. Kf6 {[%emt 0:00:53]} Qf4+ {[%emt 0:01:23]} 40. Ke7 {[%emt 0:00:17]} Rb7# 0-1

[Event "DVM U12 2021-22"]
[Site "Naumburg"]
[Date "2022.03.27"]
[Round "4"]
[White "Ermitsch, Magnus"]
[Black "Braun, Julian"]
[Result "0-1"]
[WhiteElo "2127"]
[BlackElo "1620"]
[Annotator "ChessBase"]
[PlyCount "74"]
[EventDate "2022.03.25"]
[EventType "team-tourn"]
[EventRounds "7"]
[EventCountry "GER"]
[SourceTitle "playchess.com"]
[Source "ChessBase"]
[SourceQuality "1"]
[TimeControl "40/5400+30:1800+30"]

1. e4 {[%emt 0:00:02]} e5 {[%emt 0:00:01]} 2. Nf3 {[%emt 0:00:10]} Nc6 {[%emt 0:00:01]} 3. Bb5 {[%emt 0:00:08]} a6 {[%emt 0:00:06]} 4. Ba4 {[%emt 0:00:05]} Nf6 {[%emt 0:00:02]} 5. O-O {[%emt 0:00:09]} Be7 {[%emt 0:00:04]} 6. d3 {[%emt 0:00:06]} d6 {[%emt 0:00:11]} 7. c3 {[%emt 0:00:18]} b5 {[%emt 0:00:37]} 8. Bb3 {[%emt 0:01:11]} O-O {[%emt 0:01:04]} 9. a4 {[%emt 0:00:36]} Bb7 {[%emt 0:03:14]} 10. Bg5 {[%emt 0:00:57]} h6 {[%emt 0:02:07]} 11. Bxf6 {[%emt 0:00:38]} Bxf6 {[%emt 0:00:11]} 12. Na3 {[%emt 0:03:32]} b4 {[%emt 0:03:23]} 13. Nc4 {[%emt 0:01:36]} bxc3 {[%emt 0:02:24]} 14. bxc3 {[%emt 0:00:17]} Re8 {[%emt 0:01:38]} 15. Qb1 {[%emt 0:08:25]} Rb8 {[%emt 0:02:24]} 16. Qa2 {[%emt 0:00:35]} Qd7 {[%emt 0:03:10]} 17. Rab1 {[%emt 0:06:53]} Bc8 {[%emt 0:07:34]} 18. Ne3 {[%emt 0:02:43]} Ra8 {[%emt 0:04:25]} 19. a5 {[%emt 0:02:37]} Nd8 {[%emt 0:13:46]} 20. Ba4 {[%emt 0:02:45]} c6 {[%emt 0:00:10]} 21. Nd5 {[%emt 0:00:46]} Qe6 {[%emt 0:02:26]} 22. Bb3 {[%emt 0:00:41]} cxd5 {[%emt 0:01:06]} 23. Bxd5 {[%emt 0:00:08]} Qg4 {[%emt 0:00:41]} 24. Bxa8 {[%emt 0:00:25]} Ne6 {[%emt 0:00:58]} 25. Ne1 {[%emt 0:02:19]} Nf4 {[%emt 0:03:05]} 26. f3 {[%emt 0:00:22]} Qg6 {[%emt 0:01:57]} 27. Bc6 {[%emt 0:01:29]} Be6 {[%emt 0:02:15]} 28. Qf2 {[%emt 0:01:05]} Nh3+ {[%emt 0:00:41]} 29. Kh1 {[%emt 0:00:03]} Nxf2+ {[%emt 0:00:21]} 30. Rxf2 {[%emt 0:00:01]} Rc8 {[%emt 0:01:50]} 31. Rb6 {[%emt 0:00:14]} Qg5 {[%emt 0:02:45]} 32. Rf1 {[%emt 0:04:33]} Qe3 {[%emt 0:02:31]} 33. Rxa6 {[%emt 0:00:53]} Qe2 {[%emt 0:00:54]} 34. Rg1 {[%emt 0:00:46]} Bg5 {[%emt 0:01:01]} 35. f4 {[%emt 0:00:08]} Bxf4 {[%emt 0:00:25]} 36. Nf3 {[%emt 0:00:57]} Qxd3 {[%emt 0:01:07]} 37. Bb7 {[%emt 0:00:02]} Rb8 {[%emt 0:00:54]} 0-1

[Event "DVM U12 2021-22"]
[Site "Naumburg"]
[Date "2022.03.27"]
[Round "4"]
[White "Haubold, Sebastian Marcel"]
[Black "Middendorf, Sven-Jonas"]
[Result "1-0"]
[WhiteElo "1869"]
[BlackElo "1424"]
[Annotator "NA"]
[PlyCount "83"]
[EventDate "2022.03.25"]
[EventType "team-tourn"]
[EventRounds "7"]
[EventCountry "GER"]
[SourceTitle "playchess.com"]
[Source "ChessBase"]
[SourceQuality "1"]
[TimeControl "40/5400+30:1800+30"]

1. e4 {[%emt 0:00:03]} e5 {[%emt 0:00:03]} 2. Nf3 {[%emt 0:00:04]} Nc6 {[%emt 0:00:04]} 3. Bb5 {[%emt 0:00:05]} a6 {[%emt 0:00:03]} 4. Ba4 {[%emt 0:00:05]} Nf6 {[%emt 0:00:02]} 5. d4 {[%emt 0:00:06]} exd4 {[%emt 0:00:20]} 6. O-O {[%emt 0:00:08]} Be7 {[%emt 0:00:32]} 7. Re1 {[%emt 0:00:08]} b5 {[%emt 0:00:34]} 8. e5 {[%emt 0:00:06]} Nd5 {[%emt 0:10:45]} 9. Bb3 {[%emt 0:01:05]} Nb6 {[%emt 0:00:11]} 10. Nxd4 {[%emt 0:03:58]} Nxd4 {[%emt 0:01:14]} 11. Qxd4 {[%emt 0:00:06]} c5 {[%emt 0:00:38]} 12. Qg4 {[%emt 0:00:01]} g6 {[%emt 0:20:06]} 13. c3 {[%emt 0:13:35]} d5 {[%emt 0:09:21]} 14. Qf3 {[%emt 0:03:14]} c4 {[%emt 0:01:03]} 15. Bc2 {[%emt 0:00:12]} Bc5 {[%emt 0:04:38]} 16. Bh6 {[%emt 0:04:56]} Rg8 {[%emt 0:07:26]} 17. Nd2 {[%emt 0:07:00]} Qh4 {[%emt 0:08:28]} 18. Be3 {[%emt 0:03:22]} Bxe3 {[%emt 0:05:28]} 19. Qxe3 {[%emt 0:00:04]} Qd8 {[%emt 0:00:12]} 20. Qh6 {[%emt 0:01:02]} Rf8 {[%emt 0:07:17]} 21. Qxh7 {[%emt 0:02:10]} Be6 {[%emt 0:00:23]} 22. Nf3 {[%emt 0:00:47]} Nd7 {[%emt 0:01:31]} 23. Nd4 {[%emt 0:01:36]} Nc5 {[%emt 0:00:44]} 24. Qh6 {[%emt 0:01:31]} Qc7 {[%emt 0:02:04]} 25. Rad1 {[%emt 0:00:55]} O-O-O $18 {[%emt 0:03:42]} 26. b4 {[%emt 0:02:15]} cxb3 {[%emt 0:02:16]} 27. axb3 {[%emt 0:00:08]} Qd7 {[%emt 0:02:55]} 28. b4 {[%emt 0:00:37]} Nb7 {[%emt 0:00:13]} 29. Ra1 {[%emt 0:00:08]} Qc7 {[%emt 0:02:23]} 30. Rxa6 {[%emt 0:00:08]} Qxc3 {[%emt 0:00:57]} 31. Rc6+ {[%emt 0:00:11]} Qxc6 {[%emt 0:00:14]} 32. Nxc6 {[%emt 0:00:08]} Rde8 {[%emt 0:01:25]} 33. Na7+ {[%emt 0:00:08]} Kb8 {[%emt 0:00:31]} 34. Nxb5 {[%emt 0:00:06]} Rh8 {[%emt 0:00:47]} 35. Qe3 {[%emt 0:00:20]} Kc8 {[%emt 0:00:40]} 36. Nd6+ {[%emt 0:00:10]} Nxd6 {[%emt 0:00:04]} 37. exd6 {[%emt 0:00:06]} Bd7 {[%emt 0:00:26]} 38. Qc5+ {[%emt 0:00:07]} Kb7 {[%emt 0:00:21]} 39. Qc7+ {[%emt 0:00:09]} Ka6 {[%emt 0:00:04]} 40. Ra1+ {[%emt 0:00:09]} Ba4 {[%emt 0:00:14]} 41. Rxa4+ {[%emt 0:30:09]} Kb5 {[%emt 0:30:00]} 42. Qc5# 1-0